000
00319nam a22001337a 4500
008
210301b ||||| |||| 00| 0 eng d
020
_a
9780025281608
041
_a
eng
080
_a
038
100
_a
23
101
_a
FJA
245
_a
The Macmillan Visual Dictionary
_c
Macmillan Publishing Company
942
_2
udc
_c
BK
999
_c
55382
_d
55382